000
00341nam a22001457a 4500
008
210224b ||||| |||| 00| 0 eng d
020
_a
9781455702701
041
_a
eng
080
_2
7th
_a
610.73
082
_a
610.73
100
_a
1
101
_a
INF
245
_a
Professional Nursing Concepts & Challenges
_c
Black,B.P
942
_2
udc
_c
BK
999
_c
55158
_d
55158